Mayor Hubble is in trouble! / (Record no. 593)
[ view plain ]
| 000 -LEADER | |
|---|---|
| fixed length control field | 01682cam a22003737a 4500 |
| 005 - DATE AND TIME OF LATEST TRANSACTION | |
| control field | 20250409155119.0 |
| 020 ## - INTERNATIONAL STANDARD BOOK NUMBER | |
| International Standard Book Number | 9780062042132 (hrd.) |
| 020 ## - INTERNATIONAL STANDARD BOOK NUMBER | |
| International Standard Book Number | 0062042130 (hrd.) |
| 020 ## - INTERNATIONAL STANDARD BOOK NUMBER | |
| International Standard Book Number | 9780062042125 (pbk.) |
| 020 ## - INTERNATIONAL STANDARD BOOK NUMBER | |
| International Standard Book Number | 0062042122 (pbk.) |
| 020 ## - INTERNATIONAL STANDARD BOOK NUMBER | |
| International Standard Book Number | 9780329942991 (FollettBound) |
| 020 ## - INTERNATIONAL STANDARD BOOK NUMBER | |
| International Standard Book Number | 0329942999 (FollettBound) |
| 040 ## - CATALOGING SOURCE | |
| Original cataloging agency | UKMGB |
| Language of cataloging | eng |
| Transcribing agency | UKMGB |
| Modifying agency | BTCTA |
| -- | BDX |
| -- | NYP |
| -- | JQM |
| -- | ABG |
| -- | CGP |
| -- | DAD |
| -- | IEP |
| -- | DLC |
| -- | FISKH |
| 050 00 - LIBRARY OF CONGRESS CALL NUMBER | |
| Classification number | PZ7.G9846 |
| Item number | May 2012 |
| 082 04 - DEWEY DECIMAL CLASSIFICATION NUMBER | |
| Classification number | 813.6 |
| Edition number | 23 |
| 100 1# - MAIN ENTRY--PERSONAL NAME | |
| Personal name | Gutman, Dan. |
| 245 10 - TITLE STATEMENT | |
| Title | Mayor Hubble is in trouble! / |
| Statement of responsibility, etc. | Dan Gutman ; pictures by Jim Paillot. |
| 250 ## - EDITION STATEMENT | |
| Edition statement | 1st ed. |
| 260 ## - PUBLICATION, DISTRIBUTION, ETC. | |
| Place of publication, distribution, etc. | New York : |
| Name of publisher, distributor, etc. | Harper, |
| Date of publication, distribution, etc. | 2012. |
| 300 ## - PHYSICAL DESCRIPTION | |
| Extent | 106 pages : |
| Other physical details | illustrations ; |
| Dimensions | 20 cm. |
| 490 0# - SERIES STATEMENT | |
| Series statement | My weirder school ; |
| Volume/sequential designation | #6 |
| 505 0# - FORMATTED CONTENTS NOTE | |
| Formatted contents note | K |
| 505 0# - FORMATTED CONTENTS NOTE | |
| Formatted contents note | The return of Mr. Wiggles -- The shut-up peace sign -- Rule the school -- Super secret strategy session -- Yuck! Kissing! Gross! -- On the stump -- How to wash a ferret -- The great debate -- Playing hardball -- Signs of trouble -- And the winner is... -- The runoff. |
| 520 ## - SUMMARY, ETC. | |
| Summary, etc. | Election day is right around the corner, and guess who's running for class president? A.J. and Andrea! Mayor Hubble is going to teach the kids all the ins and outs of politics, and every vote counts. Who's going to win? Who's going to lose? And who's going to kiss a baby? Ew, gross! |
| 521 1# - TARGET AUDIENCE NOTE | |
| Target audience note | 580 <br/> |
| Source | Lexile |
| 521 1# - TARGET AUDIENCE NOTE | |
| Target audience note | K <br/> |
| Source | Raz-Plus |
| 650 #0 - SUBJECT ADDED ENTRY--TOPICAL TERM | |
| Topical term or geographic name entry element | Student government |
| General subdivision | Elections |
| Form subdivision | Juvenile fiction. |
| 650 #0 - SUBJECT ADDED ENTRY--TOPICAL TERM | |
| Topical term or geographic name entry element | Schools |
| Form subdivision | Juvenile fiction. |
| 655 #0 - INDEX TERM--GENRE/FORM | |
| Genre/form data or focus term | Humorous stories. |
| 700 1# - ADDED ENTRY--PERSONAL NAME | |
| Personal name | Paillot, Jim. |
| Relator term | illustrator |
| 906 ## - LOCAL DATA ELEMENT F, LDF (RLIN) | |
| a | 7 |
| b | cbc |
| c | copycat |
| d | 2 |
| e | ncip |
| f | 20 |
| g | y-gencatlg |
| 942 ## - ADDED ENTRY ELEMENTS (KOHA) | |
| Source of classification or shelving scheme | Dewey Decimal Classification |
| Koha item type | Books |
| Suppress in OPAC | No |
| 999 ## - | |
| -- | 593 |
| -- | 593 |
| Withdrawn status | Lost status | Source of classification or shelving scheme | Damaged status | Not for loan | Collection | Home library | Current library | Shelving location | Date acquired | Total Checkouts | Full call number | Barcode | Date last seen | Date last checked out | Price effective from | Koha item type | Copy number |
|---|---|---|---|---|---|---|---|---|---|---|---|---|---|---|---|---|---|
| Dewey Decimal Classification | Juvenile Fiction | Footprints International School Library Network Toul Kork Campus | Footprints International School Library Network Toul Kork Campus | TK Primary Library Room(4th Floor), Bookcase 3&4, Shelves 17-32, Yellow Books | 06/20/2023 | 3 | GUT Fic PZ7.G9846 | FISTK00543 | 12/06/2024 | 10/26/2023 | 06/20/2023 | Books | |||||
| Dewey Decimal Classification | Juvenile Fiction | Footprints International School Library Network Toul Tom Poung Campus | Footprints International School Library Network Toul Tom Poung Campus | TTP Primary Yellow Bookshelves | 04/09/2025 | GUT Fic PZ7.G9846 | 2025-1055 | 04/09/2025 | 04/09/2025 | Books | 2 |
